Flood defence law (Record no. 101418)

MARC details
000 -LEADER
fixed length control field 00912cam a2200229 4500
008 - FIXED-LENGTH DATA ELEMENTS--GENERAL INFORMATION
fixed length control field 000000n2002 000 0 eng u
020 ## - INTERNATIONAL STANDARD BOOK NUMBER
International Standard Book Number 0721916104
035 ## - SYSTEM CONTROL NUMBER
System control number (Sirsi) u112372
041 ## - LANGUAGE CODE
Language code of text/sound track or separate title eng.
050 ## - LIBRARY OF CONGRESS CALL NUMBER
Classification number 627.4
100 ## - MAIN ENTRY--PERSONAL NAME
Personal name Howarth, W.
245 ## - TITLE STATEMENT
Title Flood defence law
260 ## - PUBLICATION, DISTRIBUTION, ETC.
Place of publication, distribution, etc. Crayford, Kent
Name of publisher, distributor, etc. Shaw & Sons Limited
Date of publication, distribution, etc. 2002
300 ## - PHYSICAL DESCRIPTION
Extent lv,552p.
Dimensions 24cm.
350 ## - PRICE (NR) (BK AM CF MU VM SE) [OBSOLETE]
Price 45.00
520 ## - SUMMARY, ETC.
Summary, etc. Aims to provide a comprehensive and accessible account of the law and policy of England and Wales relating to flood defence. Includes chapters on: private rights and duties; institutional responsibilities; operational and regulatory powers; coast protection; funding; sewerage and water supply; public health, highways and reservoirs; planning; and sustainability.
650 ## - SUBJECT ADDED ENTRY--TOPICAL TERM
Topical term or geographic name entry element FLOOD DEFENCES
650 ## - SUBJECT ADDED ENTRY--TOPICAL TERM
Topical term or geographic name entry element FLOODING
650 ## - SUBJECT ADDED ENTRY--TOPICAL TERM
Topical term or geographic name entry element LAW
690 ## - LOCAL SUBJECT ADDED ENTRY--TOPICAL TERM (OCLC, RLIN)
Topical term or geographic name as entry element ENVIRONMENTAL AND LAND CONSULTANCY
942 ## - ADDED ENTRY ELEMENTS (KOHA)
Suppress in OPAC 0
Holdings
Withdrawn status Lost status Source of classification or shelving scheme Damaged status Not for loan Home library Current library Shelving location Date acquired Cost, normal purchase price Total Checkouts Full call number Barcode Date last seen Date last checked out Copy number Cost, replacement price Price effective from Koha item type
    Dewey Decimal Classification     London London Books 15/07/2002 45.00 1 627.4 HOW 30066240 06/08/2019 02/09/2003 1 45.00 06/08/2019 Book